| 000 | 00429nam a22001457a 4500 | ||
|---|---|---|---|
| 082 |
_a355.42 _bSWI _cD |
||
| 100 |
_aMaj Gen S.E Swinton _946858 |
||
| 245 |
_aThe defence of duffers drift _cMaj Gen S.E Swinton |
||
| 260 |
_aPakistan _bServices Book Club _c1986 |
||
| 300 |
_a62 p. _bill. _c21 cm |
||
| 526 |
_a0 _b0 _c0 _d355_420000000000000_SWI |
||
| 526 |
_a0 _b0 _c0 _d355_420000000000000_SWI |
||
| 650 |
_aD _96527 |
||
| 942 |
_2ddc _cBK |
||
| 999 |
_c550109 _d550109 |
||